Figures show fall in rents (Record no. 72598)

MARC details
000 -LEADER
fixed length control field 00977cam a2200217 4500
001 - CONTROL NUMBER
control field WB3916-13
008 - FIXED-LENGTH DATA ELEMENTS--GENERAL INFORMATION
fixed length control field 030430n2003 000 0 eng u
035 ## - SYSTEM CONTROL NUMBER
System control number (Sirsi) u122156
245 ## - TITLE STATEMENT
Title Figures show fall in rents
260 ## - PUBLICATION, DISTRIBUTION, ETC.
Date of publication, distribution, etc. 2003
490 ## - SERIES STATEMENT
Series statement Farmers' Weekly
Volume/sequential designation 138(17) 25 April 2003, 20(1)
520 ## - SUMMARY, ETC.
Summary, etc. New government figures show short term rents slumped by over 20% in 2002 but reductions in farm business and traditional tenancy rates were marginal. The average rent for seasonal lets of less than one year was £102/ha compared with £130/ha in 2001. Foot and mouth was blamed for the fall especially in areas worse affected by the disease. For the Annual Survey of Tenanted Land: http://www.defra.gov.uk/esg/Work_htm/notices/astl.pdf
590 ## - LOCAL NOTE (RLIN)
Local note WB
650 ## - SUBJECT ADDED ENTRY--TOPICAL TERM
Topical term or geographic name entry element SHORT-TERM RENTS
650 ## - SUBJECT ADDED ENTRY--TOPICAL TERM
Topical term or geographic name entry element FARM BUSINESS
650 ## - SUBJECT ADDED ENTRY--TOPICAL TERM
Topical term or geographic name entry element FARMING AGENTS
650 ## - SUBJECT ADDED ENTRY--TOPICAL TERM
Topical term or geographic name entry element FARM INCOMES
650 ## - SUBJECT ADDED ENTRY--TOPICAL TERM
Topical term or geographic name entry element TENANTED LAND
690 ## - LOCAL SUBJECT ADDED ENTRY--TOPICAL TERM (OCLC, RLIN)
Topical term or geographic name as entry element RURAL-AGRICULTURE AND FORESTRY
942 ## - ADDED ENTRY ELEMENTS (KOHA)
Suppress in OPAC 0
Holdings
Withdrawn status Lost status Source of classification or shelving scheme Damaged status Not for loan Home library Current library Shelving location Date acquired Total Checkouts Full call number Barcode Date last seen Copy number Price effective from Koha item type
    Dewey Decimal Classification     London London News article 30/04/2003   WB3916-13 122156-1001 06/08/2019 1 06/08/2019 News article